The anatomy of peace, (Record no. 16293)

000 -LEADER
fixed length control field 00435cam a22001811 4500
040 ## - CATALOGING SOURCE
Transcribing agency OWoC
082 ## - DEWEY DECIMAL CLASSIFICATION NUMBER
Classification number 341 HAR 1946 A089 Or.
100 1# - MAIN ENTRY--AUTHOR NAME
Personal name Reves, Emery,
245 14 - TITLE STATEMENT
Title The anatomy of peace,
250 ## - EDITION STATEMENT
Edition statement 8th ed.
260 ## - PUBLICATION, DISTRIBUTION, ETC. (IMPRINT)
Place of publication New York
-- London,
Name of publisher Harper & brothers
Year of publication [1946]
300 ## - PHYSICAL DESCRIPTION
Number of Pages 5 p.l., 293 p.
Dimensions 19 cm.
650 #0 - SUBJECT ADDED ENTRY--TOPICAL TERM
Topical Term War.
650 #0 - SUBJECT ADDED ENTRY--TOPICAL TERM
Topical Term Peace.
650 #0 - SUBJECT ADDED ENTRY--TOPICAL TERM
Topical Term Sovereignty.
650 #0 - SUBJECT ADDED ENTRY--TOPICAL TERM
Topical Term World War, 1939-1945
942 ## - ADDED ENTRY ELEMENTS (KOHA)
Koha item type សៀវភៅភាសាអង់គ្លេស
952 ## - LOCATION AND ITEM INFORMATION (KOHA)
Withdrawn status [LOCAL, KOHA] 0
Holdings
Permanent Location Date acquired Koha item type Lost status Shelving location Barcode Current Location Full call number
Library Block A2018-02-02សៀវភៅភាសាអង់គ្លេស A089A25811Library Block A341 HAR 1946 A089 Or.
មជ្ឈមណ្ឌលឯការនៃសាកលវិទ្យាល័យភូមិន្ទកសិកម្មចំការដូង

Powered by Koha